Modely cieľového programovania a ich aplikačné možnosti diplomová práca

Na minha lista:
Detalhes bibliográficos
Autor principal: Velič, Andrej
Autor Corporativo: Fakulta hospodárskej informatiky EU. Katedra operačného výskumu a ekonometrie
Outros Autores: Furková, Andrea, 1975-
Formato: Livro
Idioma:eslovaco
Publicado em: Bratislava 2023
Tags: Adicionar Tag
Sem tags, seja o primeiro a adicionar uma tag!

MARC

LEADER 00000nbm a2200000 4500
001 0294002
005 20240305134536.8
041 0 |a slo 
044 |a SK 
245 1 0 |a Modely cieľového programovania a ich aplikačné možnosti  |b diplomová práca  |c Andrej Velič ; školiteľ: Andrea Furková 
264 1 |a Bratislava  |c 2023 
300 |a 56 s. 
100 1 |a Velič, Andrej 
700 1 |a Furková, Andrea, 1975- 
710 2 |a Fakulta hospodárskej informatiky EU. Katedra operačného výskumu a ekonometrie